000 00628nam a22002297a 4500
003 UA-OsUOA
001 40921
007 ta
008 20080703b un ||||| |||| 00| 0 ukr d
090 _a08(477)
942 _cBK
040 _aUA-OsUOA
_bukr
_cUA-OsUOA
_dUA-OsUOA
245 _aSilva rerum
300 _a519 с.
955 _a1
041 _aukr
080 _a08(477)
260 _aЛьвів
_b"Піраміда"
_c2007
246 3 1 _aЗбірник наукових праць на пошану професора А. Перналя
650 7 _a08 Видання. Колективні праці
_2UDC
999 _c439424
_d439424